Statistics for Flags of current subnational monarchies

Click here to take the quiz!

General Stats

  • This quiz has been taken 24 times
  • The average score is 12 of 22

Answer Stats

Answer% Correct
Emirate of Abu Dhabi
100%
Emirate of Dubai
100%
Emirate of Sharjah
71%
Johor (Sultanate)
71%
Buganda (Kingdom under a Kabaka)
57%
Emirate of Fujairah
57%
Kedah (Sultanate)
57%
Kelantan (Sultanate)
57%
Yogyakarta (Sultanate, sultan is also governor)
57%
Emirate of Ras Al Khaimah
50%
Pahang (Sultanate)
50%
Selangor (Sultanate)
50%
Bunyoro (Kingdom under an Omukama)
43%
Emirate of Ajman
43%
Emirate of Umm Al Quwain
43%
Negeri Sembilan (under a Yang di-Pertuan Besar)
43%
Perak (Sultanate)
43%
Perlis (under a Raja)
43%
Terengganu (Sultanate)
43%
Tooro (Kingdom under an Omukama)
36%
Busoga (Kingdom under a Kyabazinga)
29%
Rwenzururu (Kingdom under an Omusinga)
21%

Score Distribution

Percentile by Number Answered

Percent of People with Each Score

Your Score History

You have not taken this quiz